| 000 | 00414nam a2200145Ia 4500 | ||
|---|---|---|---|
| 003 | LK-CoDNM | ||
| 008 | 010623t1926 xxu||||| |||| 00| 1 eng d | ||
| 040 |
_aLK-CoDNM _dLK-CoDNM _eLK-CoDNM |
||
| 041 | _aeng | ||
| 080 | _a14 L 18.1/14 L 18 | ||
| 245 | _aAlphabetical and Numerical Lists of the Villages in the Southern Province | ||
| 260 |
_bH.Ross Cottle _aColombo _c1926 |
||
| 300 | _bxii,45p., 35 cm | ||
| 942 | _cBK | ||
| 999 |
_c93164 _d93164 |
||